RINGGIT RAKAN KEWANGAN ANDA : Risiko Pelaburan Dalam Bitcoin . Edisi November 2017

Bibliographic Details
Format: Book

MARC

LEADER 00000cam a2200000 7i4500
001 0000282622
005 20240403142240.0
006 ao ###g ###
007 ta
008 240201s2017 my o may
022 |a 2180-3684 
040 |a MBPJ   |b eng   |c MBPJ   |e rda 
090 0 |a BUL 035 
110 2 |a Gabungan Persatuan-persatuan Pengguna Malaysia (FOMCA)   |e issuing body 
245 0 0 |a RINGGIT RAKAN KEWANGAN ANDA :   |b Risiko Pelaburan Dalam Bitcoin .   |n Edisi November 2017   |c Gabungan Persatuan-Persatuan Pengguna Malaysia (FOMCA) dan Bank Negara Malaysia 
264 0 |a Petaling Jaya :   |b Pusat Penyelidikan dan Sumber Pengguna (CRRC)   |c 2017 
300 |a 11 pages :   |b colour photographs ;   |c 30 cm. 
336 |a text  |2 rdacontent 
337 |a unmediated  |2 rdamedia 
338 |a volume  |2 rdacarrier 
500 |a Buletin - (05/03/2018) 
500 |a Perpustakaan mempunyai 2 salinan bahan 
710 2 |a Bank Negara Malaysia   |e issuing body 
999 |a BA0114/20   |b BULETIN   |c KOLEKSI BAHAN ARKIB   |e PERPUSTAKAAN KOMUNITI PETALING JAYA 
999 |a BA0115/20   |b BULETIN   |c KOLEKSI BAHAN ARKIB   |e PERPUSTAKAAN KOMUNITI PETALING JAYA